| 000 | 00560nam a2200205 a 4500 | ||
|---|---|---|---|
| 001 | 863 | ||
| 003 | CDMR | ||
| 005 | 20131007094622.0 | ||
| 008 | 130130s1969||||||||||||||||||||||||||||d | ||
| 040 |
_aCDMR _bcat _cCDMR |
||
| 245 | 0 | 3 |
_aEl be negre _cLluís Solà _b: (1931-1936) |
| 250 | _a2a ed. | ||
| 260 |
_aBarcelona _c1969 _bBruguera |
||
| 490 | 0 |
_aQuaderns de cultura _v26 |
|
| 610 | 2 |
_92613 _aEl Be Negre (Revista) |
|
| 650 | 0 | 4 |
_92614 _aHumorisme |
| 650 | 0 | 4 |
_93164 _aPremsa satírica _xHistòria |
| 700 | 1 |
_9555 _aSolà i Dachs, Lluís _eed. |
|
| 942 |
_cMON _2udc |
||
| 999 |
_c863 _d863 |
||